BIBLIOTECA PODER JUDICIAL
Portal Judicial TDF

La competencia bioética en niños, niñas y adolescentes en el final de la vida. El paradigma tradicional de la vulnerabilidad y una propuesta de superación / (Registro nro. 5371)

000 -LEADER
fixed length control field 01696nab a22002537a 4500
003 - CONTROL NUMBER IDENTIFIER
control field OSt
005 - DATE AND TIME OF LATEST TRANSACTION
control field 20250306134527.0
008 - FIXED-LENGTH DATA ELEMENTS--GENERAL INFORMATION
fixed length control field 190603e xxum|||| |||| 00| 0 spa d
040 ## - CATALOGING SOURCE
Transcribing agency PJ
100 ## - MAIN ENTRY--PERSONAL NAME
9 (RLIN) 6405
Personal name Labombarda, Pablo M.
245 13 - TITLE STATEMENT
Title La competencia bioética en niños, niñas y adolescentes en el final de la vida. El paradigma tradicional de la vulnerabilidad y una propuesta de superación /
Statement of responsibility, etc Pablo M. Labombarda.
260 ## - PUBLICATION, DISTRIBUTION, ETC. (IMPRINT)
Date of publication, distribution, etc Ciudad Autónoma de Buenos Aires :
Place of publication, distribution, etc Thomson Reuters La Ley,
Name of publisher, distributor, etc 2024.
300 ## - PHYSICAL DESCRIPTION
Extent p. 301-310.
500 ## - GENERAL NOTE
General note Cita Online: TR LALEY AR/DOC/1625/2024.<br/>
505 ## - FORMATTED CONTENTS NOTE
Formatted contents note Sumario: I. Introducción.— II. La autonomía como principio bioético y su proyección en las personas menores de edad.— III. Breve referencia histórico-legislativa argentina.— IV. La noción estática de vulnerabilidad en el campo de las personas menores de edad. Críticas.— V. Hacia un concepto dinámico y flexible de la vulnerabilidad en los/as menores de edad.— VI. El traspaso de los lineamientos precedentes a la decisión del rechazo de un tratamiento médico en riesgo de muerte.— VII. El trayecto que viene recorriendo la jurisprudencia en Argentina. Breve reseña.— VIII. Conclusiones.
505 ## - FORMATTED CONTENTS NOTE
Title ¿Te interesa el texto completo? Solicitalo al correo: koha@justierradelfuego.gov.ar<br/>
650 #0 - SUBJECT ADDED ENTRY--TOPICAL TERM
9 (RLIN) 1253
Topical term or geographic name as entry element DERECHO A LA SALUD
650 #0 - SUBJECT ADDED ENTRY--TOPICAL TERM
9 (RLIN) 4094
Topical term or geographic name as entry element BIOÉTICA
650 #0 - SUBJECT ADDED ENTRY--TOPICAL TERM
Topical term or geographic name as entry element TRATAMIENTO MÉDICO
9 (RLIN) 4418
650 #0 - SUBJECT ADDED ENTRY--TOPICAL TERM
Topical term or geographic name as entry element ASISTENCIA MÉDICA
9 (RLIN) 5365
650 #0 - SUBJECT ADDED ENTRY--TOPICAL TERM
Topical term or geographic name as entry element SITUACIÓN DE VULNERABILIDAD
9 (RLIN) 4695
773 0# - HOST ITEM ENTRY
Host Biblionumber 2713
Host Itemnumber 3170
Place, publisher, and date of publication Ciudad Autónoma de Buenos Aires : Thomson Reuters La Ley, 2015-
Title Revista Código Civil y Comercial. Nº 4 - Agosto 2024
942 ## - ADDED ENTRY ELEMENTS (KOHA)
Source of classification or shelving scheme
Koha item type Analítica Artículo de Revista

No hay ítems disponibles.

12 de Octubre 789 Ushuaia - Tel:  54(02901)441571
Horario de Atención: 8.00 a 17.00 hs. 
bibliotecaush@justierradelfuego.gov.ar
koha@justierradelfuego.gov.ar
Seguinos en nuestras redes @bibliojustdf 

Con tecnología Koha